Визуализация оценки мониторинга состояния биобъектов с помощью метода "Лица Чернова"; Технологии Microsoft в теории и практике программирования

Бібліографічні деталі
Parent link:Технологии Microsoft в теории и практике программирования.— 2015.— [С. 125-127]
Автор: Прокопьев Р. О.
Співавтор: Национальный исследовательский Томский политехнический университет (ТПУ) Институт кибернетики (ИК) Кафедра прикладной математики (ПМ)
Інші автори: Берестнева О. В. (научный руководитель)
Резюме:Заглавие с титульного листа.
The article is about the usage of pictogtaphics of Chernoff faces. The idea behind using faces is that humans easily recognize faces and notice small changes without difficulty. Chernoff faces themselves can be plotted on a standard X-Y graph. The main aim of the article is to find the right way how to treat the person with different diseases. It can be useful for all medical workforce who somehow connected with such a problem. Also the written article can help young programmers and students of medical universities with their scientific papers.
Мова:Російська
Опубліковано: 2015
Серія:Интеллектуальные системы и технологии
Предмети:
Онлайн доступ:http://earchive.tpu.ru/handle/11683/23832
http://www.lib.tpu.ru/fulltext/c/2015/C28/054.pdf
Формат: Електронний ресурс Частина з книги
KOHA link:https://koha.lib.tpu.ru/cgi-bin/koha/opac-detail.pl?biblionumber=614562

MARC

LEADER 00000naa2a2200000 4500
001 614562
005 20231101132820.0
035 |a (RuTPU)RU\TPU\conf\12732 
035 |a RU\TPU\conf\12708 
090 |a 614562 
100 |a 20151001d2015 k y0rusy50 ca 
101 0 |a rus  |d eng 
102 |a RU 
105 |a y z 100zy 
135 |a drgn ---uucaa 
181 0 |a i  
182 0 |a b 
200 1 |a Визуализация оценки мониторинга состояния биобъектов с помощью метода "Лица Чернова"  |f Р. О. Прокопьев  |g науч. рук. О. В. Берестнева 
203 |a Текст  |c электронный 
225 1 |a Интеллектуальные системы и технологии 
230 |a 1 компьютерный файл (pdf; 260 Кб) 
300 |a Заглавие с титульного листа. 
320 |a [Библиогр.: с. 127 (4 назв.)] 
330 |a The article is about the usage of pictogtaphics of Chernoff faces. The idea behind using faces is that humans easily recognize faces and notice small changes without difficulty. Chernoff faces themselves can be plotted on a standard X-Y graph. The main aim of the article is to find the right way how to treat the person with different diseases. It can be useful for all medical workforce who somehow connected with such a problem. Also the written article can help young programmers and students of medical universities with their scientific papers. 
337 |a Adobe Reader 
463 1 |0 (RuTPU)RU\TPU\conf\19196  |t Технологии Microsoft в теории и практике программирования  |o сборник трудов XII Всероссийской научно-практической конференции студентов, аспирантов и молодых ученых, г.Томск, 25-26 марта 2015 г.  |f Национальный исследовательский Томский политехнический университет (ТПУ), Институт кибернетики ; ред. кол. А. В. Лиепиньш [и др.]  |v [С. 125-127]  |d 2015 
610 1 |a электронный ресурс 
610 1 |a труды учёных ТПУ 
610 1 |a визуализация 
610 1 |a мониторинг 
610 1 |a лица Чернова 
610 1 |a пиктографики 
610 1 |a С++ 
700 1 |a Прокопьев  |b Р. О. 
702 1 |a Берестнева  |b О. В.  |4 727 
712 0 2 |a Национальный исследовательский Томский политехнический университет (ТПУ)  |b Институт кибернетики (ИК)  |b Кафедра прикладной математики (ПМ)  |h 130  |2 stltpush  |3 (RuTPU)RU\TPU\col\18700 
801 2 |a RU  |b 63413507  |c 20210205  |g RCR 
856 4 |u http://earchive.tpu.ru/handle/11683/23832 
856 4 |u http://www.lib.tpu.ru/fulltext/c/2015/C28/054.pdf 
942 |c BK